| 000 | 00558nam a2200181 i 4500 | ||
|---|---|---|---|
| 001 | 43653 | ||
| 003 | ES-MaACL | ||
| 005 | 20230906160843.0 | ||
| 007 | t| | ||
| 008 | 030318s1979 sp ||||1| spa d | ||
| 100 | 1 |
_aCervera Pery, José. _937642 |
|
| 245 | 1 | 0 |
_aMarina y política en la España del siglo XIX / _cJosé Cervera Pery. |
| 260 |
_aMadrid : _bSan Martín, _c1979. |
||
| 300 |
_a327 p., 4 lám. ; _c21 cm. |
||
| 504 | _aBibliografía: p. 319-327. | ||
| 650 | 4 |
_aMarina de guerra- _zEspaña- _yS.XIX. _914783 |
|
| 852 |
_aES-MaACL _jE-1784 _bR.99959 |
||
| 999 |
_c43653 _d43653 |
||